| 000 | 01637nam a2200457 c 4500 | ||
|---|---|---|---|
| 001 | 52657 | ||
| 003 | ES-MaCES | ||
| 005 | 20250203133240.0 | ||
| 007 | cr ||||||||||| | ||
| 008 | 230213s2022 sp 100 ||spa d | ||
| 017 |
_aNA 2027-2022 _bDL |
||
| 020 | _a9788413910062 | ||
| 020 | _a9788413910079 (electrónico) | ||
| 040 |
_aES-MaCES _bspa _cES-MaCES |
||
| 100 | 1 |
_940620 _aGimeno Presa, María Concepción |
|
| 245 | 1 | 0 |
_aDerecho y medio ambiente en el Antropoceno _cMaría Concepción Gimeno Presa |
| 250 | _a1ª ed | ||
| 260 |
_aCizur Menor (Navarra) _bAranzadi-Thomson Reuters _c2022 |
||
| 300 |
_a203 p. _c24 cm |
||
| 490 | 1 | _aEstudios | |
| 500 | _aPublicación en formato DÚO (papel + libro ectrónico). Disponible en formato electrónico mediante la aplicación PROVIEW | ||
| 504 | _aBibliografía: p. 189-203 | ||
| 541 | _cCompra | ||
| 650 | 4 |
_aderecho _927151 |
|
| 650 | 4 |
_amedio ambiente _928715 |
|
| 650 | 4 |
_acambio climático _930961 |
|
| 650 | 4 |
_aevaluación del impacto _930732 |
|
| 650 | 4 |
_aproblema político _927244 |
|
| 650 | 4 |
_aresponsabilidad moral _929390 |
|
| 650 | 4 |
_amecanismo de control _929918 |
|
| 650 | 4 |
_aadministración de justicia _927204 |
|
| 650 | 4 |
_aarreglo de conflicto _927305 |
|
| 650 | 4 |
_aderecho medioambiental _930801 |
|
| 650 | 4 |
_aderecho internacional _926684 |
|
| 650 | 4 |
_aEspaña _926964 |
|
| 653 | 1 | 0 | _aDerecho medioambiental |
| 830 | 0 |
_aEstudios (Thomson Reuters-Aranzadi) _934937 |
|
| 856 | 4 |
_uhttps://miespacio.aranzadilaley.es/Account/Login _yLegalteca |
|
| 902 | _aLIB Libro | ||
| 942 |
_2CES _cBK _h6.0.4. |
||
| 999 |
_c52657 _d52657 |
||